[Event "Lanzarote-ch"]
[Site "Arrecife de Lanzarote"]
[Date "2023.03.10"]
[Round "5.3"]
[White "Bangiev, Anton"]
[Black "Martin Fernandez, Antonio"]
[Result "1-0"]
[WhiteElo "1491"]
[BlackElo "1644"]
[PlyCount "67"]
[EventDate "2023.03.03"]
[EventType "swiss"]
[EventRounds "7"]
[EventCountry "ESP"]
[SourceTitle "EXT 2024"]
[Source "ChessBase"]
[SourceDate "2023.10.10"]
[SourceVersion "1"]
[SourceVersionDate "2023.10.10"]
[SourceQuality "1"]

1. e4 d5 2. exd5 Qxd5 3. Nc3 Qa5 4. d4 Nf6 5. Nf3 Bg4 6. h3 Bh5 7. g4 Bg6 8. Ne5 c6 9. h4 Nbd7 10. Nc4 Qc7 11. h5 Be4 12. Nxe4 Nxe4 13. Qf3 Nd6 14. Bf4 Qd8 15. 0-0-0 Nxc4 16. Bxc4 e6 17. Rhe1 Be7 18. Bd2 0-0 19. Qg3 Bg5 20. Bxg5 Qxg5+ 21. f4 Qa5 22. g5 Nb6 23. Bb3 Nd5 24. c3 Qc7 25. Rf1 Ne7 26. Rde1 Nf5 27. Qh3 g6 28. hxg6 fxg6 29. Bxe6+ Kh8 30. Bxf5 Rxf5 31. Re4 Raf8 32. Rfe1 c5 33. Kb1 cxd4 34. Re7 1-0

[Event "Lanzarote op"]
[Site "Lanzarote"]
[Date "2018.06.30"]
[Round "9"]
[White "Rionda Medio, Angel Arturo"]
[Black "Martin Fernandez, Antonio"]
[Result "0-1"]
[WhiteElo "1953"]
[BlackElo "1685"]
[PlyCount "72"]
[EventDate "2018.06.25"]
[EventType "swiss"]
[EventRounds "9"]
[EventCountry "ESP"]
[SourceTitle "CBM 185 Extra"]
[Source "ChessBase"]
[SourceDate "2018.07.29"]
[SourceVersion "1"]
[SourceVersionDate "2018.07.29"]
[SourceQuality "1"]

1. e4 d5 2. exd5 Qxd5 3. Nf3 Nf6 4. Be2 Bf5 5. d4 c6 6. 0-0 e6 7. c4 Qa5 8. Nc3 Be7 9. Bd2 Nbd7 10. a3 0-0 11. Nh4 Rfe8 12. d5 Qc7 13. Nxf5 exf5 14. Bf3 Bd6 15. g3 Ne5 16. dxc6 bxc6 17. Be2 Rad8 18. Qc2 g6 19. Bg5 Kg7 20. b4 h6 21. Bxf6+ Kxf6 22. c5 Be7 23. f4 Ng4 24. Bxg4 fxg4 25. Qb2 Ke6 26. Qe2+ Kf6 27. Qxg4 Kg7 28. Rad1 Bf6 29. Qf3 Bd4+ 30. Rxd4 Rxd4 31. f5 Qe5 32. Qxc6 Qe3+ 33. Kh1 Qd3 34. Qb5 Rc4 35. f6+ Kf8 36. Rf4 Rxc3 0-1

[Event "Canarias-ch Seniors"]
[Site "Santa Cruz de Tenerife"]
[Date "2018.05.10"]
[Round "1"]
[White "Hidalgo Santana, Fernando"]
[Black "Martin Fernandez, Antonio"]
[Result "1-0"]
[WhiteElo "2126"]
[BlackElo "1704"]
[PlyCount "57"]
[EventDate "2018.05.10"]
[EventType "swiss"]
[EventRounds "6"]
[EventCountry "ESP"]
[SourceTitle "EXT 2022"]
[Source "ChessBase"]
[SourceDate "2021.10.06"]
[SourceVersion "1"]
[SourceVersionDate "2021.10.06"]
[SourceQuality "1"]

1. e4 d5 2. exd5 Qxd5 3. Nf3 Nf6 4. d4 Bg4 5. Be2 e6 6. 0-0 Be7 7. h3 Bh5 8. c4 Qd8 9. Qb3 Qc8 10. Nc3 0-0 11. Bg5 c6 12. Rfd1 Na6 13. Rac1 Rd8 14. a3 Nc7 15. Na4 Bxf3 16. Bxf3 Nfd5 17. cxd5 Bxg5 18. dxe6 Qxe6 19. Rc3 Qxb3 20. Rxb3 Nb5 21. d5 a6 22. Nc5 Rab8 23. a4 Na7 24. d6 b5 25. Nxa6 Rb6 26. Nc5 Rbb8 27. axb5 Rxb5 28. Rxb5 cxb5 29. Nb7 1-0

[Event "Fuerteventura op 1st"]
[Site "Fuerteventura"]
[Date "2016.10.01"]
[Round "5"]
[White "Martin Fernandez, Antonio"]
[Black "Gamallo Farina, Juan Pedro"]
[Result "1-0"]
[WhiteElo "1767"]
[BlackElo "1537"]
[PlyCount "93"]
[EventDate "2016.09.30"]
[EventType "swiss"]
[EventRounds "7"]
[EventCountry "ESP"]
[SourceTitle "EXT 2017"]
[Source "ChessBase"]
[SourceDate "2016.10.25"]
[SourceVersion "1"]
[SourceVersionDate "2016.10.25"]
[SourceQuality "1"]

1. b4 Nf6 2. Bb2 b6 3. Nf3 e6 4. a3 Bb7 5. e3 g6 6. d4 Bg7 7. Be2 Nc6 8. 0-0 0-0 9. c4 a5 10. b5 Ne7 11. Nc3 Qb8 12. a4 c6 13. Ba3 Re8 14. Ng5 d5 15. c5 Qc7 16. Rb1 bxc5 17. dxc5 Rad8 18. b6 Qb8 19. Qc2 h6 20. Nf3 Nf5 21. Bd3 Ng4 22. Bxf5 exf5 23. h3 Ne5 24. Nxe5 Qxe5 25. Bb2 Qe7 26. Ne2 Qh4 27. Bxg7 Kxg7 28. Qc3+ Kg8 29. Nd4 Re4 30. Qxa5 Ra8 31. Qc3 f4 32. a5 fxe3 33. fxe3 Qg5 34. Rf3 Qe5 35. Ra1 Ra6 36. Ra3 f5 37. Qd3 f4 38. Nxc6 Qe8 39. Nd4 g5 40. Nb5 Qc6 41. Nd6 Re7 42. Qg6+ Rg7 43. Qe6+ Kh7 44. Qf5+ Kg8 45. Nxb7 Qxb7 46. Qe6+ Kh7 47. c6 1-0

[Event "Canarias-ch Seniors"]
[Site "Vecindario"]
[Date "2016.05.29"]
[Round "5.4"]
[White "Rodriguez Perez, Mauro"]
[Black "Martin Fernandez, Antonio"]
[Result "1/2-1/2"]
[WhiteElo "1903"]
[BlackElo "1799"]
[PlyCount "42"]
[EventDate "2016.05.27"]
[EventType "swiss"]
[EventRounds "6"]
[EventCountry "ESP"]
[SourceTitle "EXT 2024"]
[Source "ChessBase"]
[SourceDate "2023.10.10"]
[SourceVersion "1"]
[SourceVersionDate "2023.10.10"]
[SourceQuality "1"]

1. d4 d5 2. c4 e6 3. Nc3 Nf6 4. Bg5 Nbd7 5. e3 Bb4 6. cxd5 exd5 7. Nf3 0-0 8. Bd3 c6 9. 0-0 Re8 10. Qc2 Nf8 11. a3 Bxc3 12. bxc3 Ng6 13. Bxg6 hxg6 14. c4 Bf5 15. Qb3 b6 16. Rac1 Be6 17. cxd5 Bxd5 18. Qd1 Qd6 19. Ra1 Ne4 20. Bf4 Qe6 21. Rc1 f6 1/2-1/2